000 00723nam a2200253 a 4500
001 70359
003 BD-RjUL
005 20211209082005.0
008 170417s1983 macp|||| |||| 00| 0 eng d
035 _a(BD-RjUL)70573
040 _aBD-RjUL
_beng
_cBD-RjUL
_dBD-RjUL
041 _aeng
082 _223
_a519.5
_bHAS 1983
100 1 _aHarper, W. M.
_9208343
245 1 0 _aStatistics /
_cW. M. Harper
250 _a4th ed.
260 _aMacdonald :
_bMacdonald and Evans Ltd. ,
_cc1982 [reprinted 1983]
300 _axii, 387 p. :
_bill. ;
_c17 cm.
490 _aThe M & E handbook series
500 _aIncludes index
650 _aStatistics.
_9208344
830 _aThe M & E handbook series
_9169499
942 _2ddc
_cBK
999 _c70359
_d70359